Statistiques concernant Nommez une préfecture valide

Cliquez ici pour prendre le quiz!

Statistiques générales

  • Ce quiz a été pris 4 908 fois
  • Le résultat moyen est 10 sur 15

Statistiques - réponses

Nommez une préfecture...Réponses possibles% Correct
d'Outre-Mer.Cayenne | Basse-Terre | Fort de France | Saint-Denis | Mamoudzou
88%
traversée par la Loire.Nevers | Orléans | Blois | Tours | Nantes
87%
à l'ouest du Méridien de GreenwichAlençon | Saint-Lô | Laval | Angers | Niort | La Rochelle | Bordeaux | Pau | Mont de Marsan | La Roche sur Yon | Rennes | Nantes | Saint Brieuc | Vannes | Quimper | Basse-Terre | Cayenne | Fort-de-France
79%
regroupant au moins 30% des habitants de son département (hors Paris).Ajaccio | Marseille | Limoges | Toulouse | Belfort | Nice
75%
traversée par l'autoroute A7 (autoroute du soleil)Lyon | Valence | Avignon | Marseille
74%
Métropolitaine sur le Littoral, Méditerranée exclue.La Rochelle | Saint-Brieuc | Vannes
73%
d'un Département de moins de 200 000 habitantsAuch | Bar le Duc | Bastia | Cahors | Chaumont | Digne les Bains | Ajaccio | Foix | Aurillac | Belfort | Gap | Guéret | Mende
68%
ayant perdu son statut de préfecture de région
suite à la réforme de 2015
Clermont-Ferrand | Besançon | Montpellier | Poitiers | Limoges | Amiens | Caen | Chalons en Champagne | Metz
61%
d'un département commençant par DValence | Périgueux | Besançon | Niort
61%
d'un département de petite couronne.Créteil | Bobigny | Nanterre
60%
ayant été capitale de la France (hors Paris)Troyes | Laon | Metz | Orléans | Bourges | Moulins | Tours | Versailles | Bordeaux
60%
de moins de 10 000 habitants.Basse-Terre | Privas | Foix
55%
située à plus de 700 mètres d'altitudeMende | Gap
46%
limitrophe d'au moins 1 département voisin. (Hors Paris)Macon | Avignon | Nanterre | Alençon | Versailles | Valence
41%
qui n'était pas préfecture de son département à la création de celui-ci.Pau | Rodez | Marseille | Saint-Etienne | Albi | Lille | Vesoul | La Roche sur Yon | La Rochelle |
36%

Distribution des résultats

Percentile par nombre de réponses

% des personnes avec chaque résultat

Votre développement - résultats

Vous n’avez pas pris ce quiz